Normal view
MARC view
- SUPERVISOR ,DR JAVAID IQBAL, UBAID,ANUM
Entry Personal Name
001 - CONTROL NUMBER
- control field: 71867
003 - CONTROL NUMBER IDENTIFIER
- control field: NUST
005 - DATE AND TIME OF LATEST TRANSACTION
- control field: 20210628204710.0
008 - FIXED-LENGTH DATA ELEMENTS
- fixed length control field: 210628|| aca||aabn | a|a d
040 ## - CATALOGING SOURCE
- Original cataloging agency: NUST
- Transcribing agency: NUST
100 ## - HEADING--PERSONAL NAME
- Personal name: SUPERVISOR ,DR JAVAID IQBAL, UBAID,ANUM
670 ## - SOURCE DATA FOUND
- Source citation: Work cat.: (NUST): FAHAD,RABIA,DR UMAR SHAHBAZ, 71865, PR-SOF-1236-DESIGN AND FABRICATION OF AN ACTUATED HAND EXOSKELETON FOR STROKE AND POST TRAUMATIC REHABILITATION, 2013
